Normal view
MARC view
- تاريخ اسبانيا المسلمة-فتح الاندلس-السيادة الاسلامية-التاريخ الاسلامي
Entry Topical Term
001 - CONTROL NUMBER
- control field: 62754
003 - CONTROL NUMBER IDENTIFIER
- control field: JO-AjAnu
005 - DATE AND TIME OF LATEST TRANSACTION
- control field: 20230606084240.0
008 - FIXED-LENGTH DATA ELEMENTS
- fixed length control field: 230606|| aca||aabn | a|a d
040 ## - CATALOGING SOURCE
- Original cataloging agency: JO-AjAnu
- Transcribing agency: JO-AjAnu
150 ## - HEADING--TOPICAL TERM
- Topical term or geographic name entry element: تاريخ اسبانيا المسلمة-فتح الاندلس-السيادة الاسلامية-التاريخ الاسلامي
670 ## - SOURCE DATA FOUND
- Source citation: Work cat.: (JO-AjAnu)31999: الحسيني، قاسم عبد سعدون, author 62753, حركة الاسترداد الاسبانية(الريكونيكيستا)( 98-ـ422هـ/718-1030م):قراءة في المصطلح والمضمون-النشأة والتطور، ج1